Départements français aléatoire. - Statistiques

Statistiques générales
  • Ce quiz a été pris 178 fois
  • Le résultat moyen est 16 sur 20
Statistiques - réponses
Hint Réponse % Correct
1 Ain
99%
75 Paris
91%
69 Rhône
91%
11 Aude
89%
45 Loiret
87%
15 Cantal
84%
26 Drôme
84%
5 Hautes-Alpes
83%
21 Côte-d'or
82%
63 Puy-de-Dôme
82%
34 Herault
81%
89 Yonne
80%
67 Bas-rhin
78%
19 Corrèze
78%
36 Indre
78%
57 Moselle
77%
24 Dordogne
76%
55 Meuse
75%
65 Hautes-Pyrénées
69%
47 Lot-et-Garonne
67%
Aucun quiz correspondant
Distribution des résultats
% des personnes avec chaque résultat
Percentile par nombre de réponses
Votre historique - résultats
Vous n’avez pas pris ce quiz